LEADER 00805nam a2200193 i 4500 001 000000121106 003 CaOOAMICUS 005 20031209000000.0 008 031209s1929 gw u000 u ger u 013 $a93800 040 $aSeMil$bita 245 10$aInnozenz 10., Alexander 7., Klemens 9. und 10. (1644-1676) 300 $aXVII, P. 4-665. 700 1 $aPastor, Ludwig : von <1854-1928>.$0(OLS)http://semarc/name/610 773 0 $tGeschichte der Päpste.$dFreiburg im Breisgau [etc.] : Herder, [19--]$gBand14$w()10674 773 0 $tGeschichte der Päpste.$b1. bis 7. Auflage.$gAbteilung1$w()10678 850 $aSeMil 852 $aSeMil$W1$xVenegono$y1$m3B VI 20$j76214$B76214$CSeMilBibl$Z2$F77693 $81 996 $6245$aInnozenz 10., Alexander 7., Klemens 9. und 10. (1644-1676)$9(OLS)http://semarc/title/178276 LEADER 01079nam a2200253 i 4500 001 000000037675 003 CaOOAMICUS 005 20140515000000.0 008 140515s1970 it u000 u ita u 013 $a8006 040 $aSeMil$bita 100 1 $aGonzález-Ruiz, José-Maria.$0(OLS)http://semarc/name/17973 240 13$aEl Evangelio de Pablo.$0(OLS)http://semarc/title/52842 245 13$aIl Vangelo secondo Paolo /$cJosé-Maria Gonzales[!]-Ruiz. 260 $aAssisi :$bCittadella,$cstampa 1970. 300 $a220 p. ;$c19 cm. 490 0 $aSpiritualità del nostro tempo 650 4$aBibbia. Nuovo Testamento. Lettere di Paolo - Commentari, studi, critica, interpretazioni.$0(OLS)http://semarc/subject/935 830 0$aSpiritualità del nostro tempo.$0(OLS)http://semarc/title/6291 850 $aSeMil 852 $aSeMil$W1$xVenegono$y1$m2Z I 263$j3830$B3830$CSeMilBibl$Z2$F3830 $81 961 $aOmaggio: Deposito 996 $6245$aIl Vangelo secondo Paolo$9(OLS)http://semarc/title/52841 996 $6260$aAssisi :$bCittadella$9(OLS)http://semarc/publisher/29661